Permanent magnet motor technology : Design and applications /

Uložené v:
Podrobná bibliografia
Hlavní autori: Gieras, Jacek F (Autor), Wing, Mitchell (Autor)
Médium: Kniha
Jazyk:English
Vydavateľské údaje: New York : Marcel Dekker, 1997
Vydanie:1.vyd.
Predmet:
Tagy: Pridať tag
Žiadne tagy, Buďte prvý, kto otaguje tento záznam!

MARC

LEADER 00000nam a22000003a 4500
001 stu9364
005 20150617225806.9
008 970113s1997----xxu-----------------eng-d
020 |a 0-8247-9794-9 
040 |a STU  |b slo 
041 0 |a eng 
044 |a xxu 
080 |a 621.313.08 
080 |a 621.313.044 
080 |a 621.318.2 
084 |a A7560G  |2 INS  |7 stu_us_auth*stu6320 
084 |a B3120E  |2 INS 
084 |a B8310  |2 INS 
084 |a B8340  |2 INS 
100 1 |a Gieras, Jacek F  |4 aut 
245 1 |a Permanent magnet motor technology :  |b Design and applications /  |c [aut.] Gieras,Jacek F.; Wing,Mitchell 
250 |a 1.vyd. 
260 |a New York :  |b Marcel Dekker,  |c 1997 
300 |a 444 s 
650 7 |a elektrické stroje  |2 stusub 
650 7 |a elektrické motory  |2 stusub 
650 7 |a trvalé magnety  |2 stusub 
650 7 |a magnetické obvody  |2 stusub 
650 7 |a magnetické systémy  |2 stusub 
650 7 |a metóda konečných prvkov  |2 stusub 
700 1 |a Wing, Mitchell  |4 aut 
996 |b E81048  |c E*81048  |l EE04  |s P  |a 0  |w stu9364_0001